Normal view
MARC view
Entry Personal Name
001 - CONTROL NUMBER
- control field: 1063297
003 - CONTROL NUMBER IDENTIFIER
- control field: OSt
005 - DATE AND TIME OF LATEST TRANSACTION
- control field: 20260121170405.0
008 - FIXED-LENGTH DATA ELEMENTS
- fixed length control field: 260121|| aca||aabn | a|a d
040 ## - CATALOGING SOURCE
- Original cataloging agency: OSt
- Transcribing agency: OSt
100 ## - HEADING--PERSONAL NAME
- Personal name: Thomas Seak Hou Leong, Sivakumar Manickam, Gregory J. O. Martin, Wu Li, Muthupandian Ashokkumar
670 ## - SOURCE DATA FOUND
- Source citation: Work cat.: (OSt)1629026: Thomas Seak Hou Leong, Sivakumar Manickam, Gregory J. O. Martin, Wu Li, Muthupandian Ashokkumar, Ultrasonic Production of Nano-emulsions for Bioactive Delivery in Drug and Food Applications
